000 00803nam a2200217Ii 4500
003 JO-AjNU
008 230605s9999||||xx |||||||||||||| ||und||
017 _a1992/8005
040 _aJO-AjNU
_bara
_erda
_cJO-AjNU
041 _aara
050 1 4 _aU264.A7488 1992
100 3 _aعطية، ممدوح حامد/م مشارك حرب صلاح الدين سليم ,
_eauthor
_98984
245 0 0 _aالاسلحة النووية والكيمائية والبيولوجية في عالمنا المعاصر
250 _aط1
264 3 1 _aالكويت:دار سعاد الصباح، 1992
300 _a422ص
336 _atext
_btxt
_2rdacontent
337 _aunmediated
_bn
_2rdamedia
338 _avolume
_bnc
_2rdacarrier
650 4 _aاسلحة نووية-اسلحة كيماوئية جرثومية
_98985
999 _aA1068
_c4636
_d4636